|
|
|
|
| LEADER |
00000nam a2200000 a 4500 |
| 001 |
vtls010289266 |
| 003 |
SK-MaSNL |
| 005 |
20260301031854.0 |
| 008 |
180809s2010 xo dol f a 100 0 eng |
| 015 |
|
|
|a SNBA2011/10-05388
|
| 020 |
|
|
|a 9788022329385
|q (brož.)
|
| 035 |
|
|
|a B24E3E5C-025E-42D8-87D3-1DA3BFE458A1
|
| 035 |
|
|
|a urn:nbn:sk:snk-aml37r
|
| 035 |
|
|
|a urn:nbn:sk:snk-am008l7d
|
| 040 |
|
|
|a SNK
|b slo
|c SNK
|e AACR2
|
| 041 |
0 |
|
|a eng
|b eng
|
| 044 |
|
|
|a xo
|c SK
|
| 072 |
|
7 |
|a 539
|x Fyzikálna stavba hmoty. Jadrová fyzika. Molekulová fyzika
|2 konspekt
|
| 080 |
|
|
|a 539.211
|2 2001
|
| 080 |
|
|
|a (062.534)
|2 2001
|
| 080 |
|
|
|a (048.3)
|2 2001
|
| 111 |
2 |
|
|a Solid State Surfaces and Interfaces
|n (7. :
|d 2010 :
|c Smolenice, Slovensko)
|4 aut
|9 328121
|
| 245 |
1 |
0 |
|a 7th Solid State Surfaces and Interfaces
|b November 22-25, 2010 Smolenice Castle, Slovak Republic : extended abstract book
|c [editor: Róbert Brunner]
|
| 246 |
3 |
|
|a Seventh Solid State Surfaces and Interfaces
|
| 250 |
|
|
|a [1st ed.]
|
| 260 |
|
|
|a Bratislava
|b Comenius University
|c 2010
|
| 300 |
|
|
|a 71 s.
|b fotogr., grafy, sch., tab.
|c 21 cm
|
| 366 |
|
|
|e 80 výt.
|
| 504 |
|
|
|a Bibliogr. odkazy
|
| 546 |
|
|
|a Res. angl.
|
| 650 |
0 |
7 |
|a fyzika povrchov tuhých látok
|2 SNKPH
|9 68239
|
| 650 |
0 |
7 |
|a Surface physics
|2 SNKPHeng
|9 249875
|
| 655 |
|
7 |
|a zborníky konferencií
|2 SNKPH
|9 70153
|
| 655 |
|
7 |
|a abstrakty
|2 SNKPH
|9 22516
|
| 655 |
|
7 |
|a Proceedings of conferences
|2 SNKPHeng
|9 265791
|
| 655 |
|
7 |
|a Abstracts
|2 SNKPHeng
|9 275616
|
| 700 |
1 |
|
|a Brunner, Róbert
|4 edt
|9 12599
|
| 919 |
|
|
|a 978-80-223-2938-5
|
| 958 |
|
|
|a OND
|
| 958 |
|
|
|a NB
|
| 968 |
|
|
|d 53+54
|
| 999 |
|
|
|c 577458
|d 579388
|
| 952 |
|
|
|a SNK
|b SNK
|y PREZ
|7 0
|p 17A0707048
|o snkSC 146056
|i snk2011/15133
|8 0
|0 0
|1 0
|4 0
|d 2011-06-28
|f 1
|l 0
|r 2025-07-15 00:00:00
|w 2026-02-23
|
| 952 |
|
|
|a SNK
|b SNK
|y VYP
|7 0
|p 17A0707294
|o snkSC 146056 D1
|i snk2011/15134
|8 0
|0 0
|1 0
|4 0
|d 2011-06-28
|l 0
|r 2026-02-23 14:38:18
|w 2026-02-23
|